<?xml version="1.0" encoding="UTF-8"?><?xml-stylesheet type="text/xsl" href="static/style.xsl"?><OAI-PMH xmlns="http://www.openarchives.org/OAI/2.0/" xmlns:xsi="http://www.w3.org/2001/XMLSchema-instance" xsi:schemaLocation="http://www.openarchives.org/OAI/2.0/ http://www.openarchives.org/OAI/2.0/OAI-PMH.xsd"><responseDate>2026-04-28T17:55:36Z</responseDate><request verb="GetRecord" identifier="oai:riubu.ubu.es:10259/8778" metadataPrefix="marc">https://riubu.ubu.es/oai/request</request><GetRecord><record><header><identifier>oai:riubu.ubu.es:10259/8778</identifier><datestamp>2024-03-09T01:05:26Z</datestamp><setSpec>com_10259_4244</setSpec><setSpec>com_10259_5086</setSpec><setSpec>com_10259_2604</setSpec><setSpec>col_10259_4245</setSpec></header><metadata><record xmlns="http://www.loc.gov/MARC21/slim" xmlns:doc="http://www.lyncode.com/xoai" xmlns:xsi="http://www.w3.org/2001/XMLSchema-instance" xmlns:dcterms="http://purl.org/dc/terms/" xsi:schemaLocation="http://www.loc.gov/MARC21/slim http://www.loc.gov/standards/marcxml/schema/MARC21slim.xsd">
<leader>00925njm 22002777a 4500</leader>
<datafield tag="042" ind1=" " ind2=" ">
<subfield code="a">dc</subfield>
</datafield>
<datafield tag="720" ind1=" " ind2=" ">
<subfield code="a">Trigueros Andrés, Ester</subfield>
<subfield code="e">author</subfield>
</datafield>
<datafield tag="720" ind1=" " ind2=" ">
<subfield code="a">Benito Román, Oscar</subfield>
<subfield code="e">author</subfield>
</datafield>
<datafield tag="720" ind1=" " ind2=" ">
<subfield code="a">Oliveira, Andreia P.</subfield>
<subfield code="e">author</subfield>
</datafield>
<datafield tag="720" ind1=" " ind2=" ">
<subfield code="a">Videira, Romeu A.</subfield>
<subfield code="e">author</subfield>
</datafield>
<datafield tag="720" ind1=" " ind2=" ">
<subfield code="a">Andrade, Paula B.</subfield>
<subfield code="e">author</subfield>
</datafield>
<datafield tag="720" ind1=" " ind2=" ">
<subfield code="a">Sanz Díez, Mª Teresa</subfield>
<subfield code="e">author</subfield>
</datafield>
<datafield tag="720" ind1=" " ind2=" ">
<subfield code="a">Beltrán Calvo, Sagrario</subfield>
<subfield code="e">author</subfield>
</datafield>
<datafield tag="260" ind1=" " ind2=" ">
<subfield code="c">2024-02</subfield>
</datafield>
<datafield tag="520" ind1=" " ind2=" ">
<subfield code="a">Onion skin waste (OSW), the primary non-edible byproduct from onion processing, offers a renewable source of bioactive compounds. This study aims to valorize OSW through subcritical water extraction (SWE), aligning with a circular economy and biorefinery principles. SWE was carried out at 145 °C and 50 bar for 50 min in a discontinuous reactor, producing a phenolic-rich extract (32.3 ± 2.6 mg/g) dominated by protocatechuic acid (20.3 ± 2.5 mg/g), quercetin-4′-O-glucoside (7.5 ± 0.2 mg/g), and quercetin (3.2 ± 0.6 mg/g). Additionally, the extract contains sugars (207.1 ± 20.3 mg sucrose-Eq/g), proteins (22.8 ± 1.6 mg BSA-Eq/g), and free amino acids (20.4 ± 1.2 mg arginine-Eq/g). Its phenolic richness determines its scavenging activity against ●NO and O2●− radicals and its α-glucosidase and aldose-reductase inhibition without affecting α-amylase. Notably, the extract demonstrates significant α-glucosidase inhibition (IC50 = 75.6 ± 43.5 µg/mL), surpassing acarbose (IC50 = 129.5 ± 1.0 µg/mL) in both pure enzyme and cell culture tests without showing cytotoxicity to AGS, HepG2, and Caco-2 human cell lines. The extract’s bioactivity and nutritional content make it suitable for developing antioxidant and antidiabetic nutraceutical/food components, highlighting SWE’s potential for OSW valorization without using organic solvents.</subfield>
</datafield>
<datafield tag="024" ind2=" " ind1="8">
<subfield code="a">2076-3921</subfield>
</datafield>
<datafield tag="024" ind2=" " ind1="8">
<subfield code="a">http://hdl.handle.net/10259/8778</subfield>
</datafield>
<datafield tag="024" ind2=" " ind1="8">
<subfield code="a">10.3390/antiox13020205</subfield>
</datafield>
<datafield tag="024" ind2=" " ind1="8">
<subfield code="a">2076-3921</subfield>
</datafield>
<datafield ind1=" " ind2=" " tag="653">
<subfield code="a">Hydrothermal treatment</subfield>
</datafield>
<datafield ind1=" " ind2=" " tag="653">
<subfield code="a">Onion waste</subfield>
</datafield>
<datafield ind1=" " ind2=" " tag="653">
<subfield code="a">Polyphenols</subfield>
</datafield>
<datafield ind1=" " ind2=" " tag="653">
<subfield code="a">Quercetin</subfield>
</datafield>
<datafield ind1=" " ind2=" " tag="653">
<subfield code="a">Antioxidant activity</subfield>
</datafield>
<datafield ind1=" " ind2=" " tag="653">
<subfield code="a">Antidiabetic potential</subfield>
</datafield>
<datafield tag="245" ind1="0" ind2="0">
<subfield code="a">Onion (Allium cepa L.) Skin Waste Valorization: Unveiling the Phenolic Profile and Biological Potential for the Creation of Bioactive Agents through Subcritical Water Extraction</subfield>
</datafield>
</record></metadata></record></GetRecord></OAI-PMH>